Представление документа в формате RUSMARC

ПолеНазваниеЗначение
  Тип записи a
  Библиографический уровень m
001 Контрольный номер d368339d11a54286b37e610f79e39485
005 Дата корректировки 20140626085240.9
010 Индекс ISBN __
a ISBN 5-94798-216-1
200 Заглавие и сведения об ответственности 1_
a Заглавие Экономические и финансовые риски:оценка,управление,портфель инвестиций
e Сведения, относящиеся к заглавию Монография
f Первые сведения об ответственности Шапкин Александр Сергеевич
210 Выходные данные 1_
a Место издания М.
c Издательство Издат.Дом"Дашков и К"
d Дата издания 2003
215 Физическое описание __
a Объем 543 с.
300 Общие примечания __
a Общие примечания 5экз.
610 Ключевые слова 0_
a Ключевые слова экономика
610 Ключевые слова 0_
a Ключевые слова финансы
610 Ключевые слова 0_
a Ключевые слова монография
610 Ключевые слова 0_
a Ключевые слова риски
610 Ключевые слова 0_
a Ключевые слова экономические риски
610 Ключевые слова 0_
a Ключевые слова финансовые риски
610 Ключевые слова 0_
a Ключевые слова управление рисками
610 Ключевые слова 0_
a Ключевые слова финансовый менеджмент
610 Ключевые слова 0_
a Ключевые слова инвестиционный портфель
610 Ключевые слова 0_
a Ключевые слова принятие решений
686 Индексы других классификаций __
a Классификационный индекс 65.9(2)26-21
2 Код системы rubbk
700 Автор _1
a Фамилия Шапкин Александр Сергеевич
801 Источник записи _0
a Страна RU
b Организация РУК
c Дата составления 20030922
g Правила каталогизации PSBO
801 Источник записи _1
a Страна RU
b Организация РУК
c Дата составления 20030922
g Правила каталогизации PSBO
852 Данные о местонахождении __
i Авторский знак Ш23
j Шифр хранения ББК 65.9(2)26
901 Тип документа __
t Тип документа m
938 Служебная информация __
a Название организации Головной вуз
b Имя БД BOOK
c Название АИБС АИБС ИРБИС